000 00457nam a2200157Ia 4500
008 140529s9999 xx 000 0 und d
050 _aPE 1408
_b.W636 1977
100 _aWiener, Harvey S.
245 _aInstructor's manual to accompany creating compositions /
_cHarvey S. Wiener
250 _a2nd ed.
260 _aNew York [et al.] :
_bMcGraw-Hill, Inc.,
_cc1977.
300 _a128 p. ;
_c23 cm.
521 _aGE
942 _kFOR
_cBK
999 _c117831
_d117831